000 00742nam a22002177a 4500
003 OSt
005 20230928113922.0
008 230928b |||||||| |||| 00| 0 eng d
040 _cLadoV
082 _a751.426
_bZ94e
100 _91053
_aZumbado, Manuel
_eautor
245 _aEstructuras/
260 _c1997
_bInstituto Goethe
_bFundación de Parques Nacionales
_bMeridith Kelly Gallery
_aCosta Rica
300 _a34p.
_c29x23cm
650 _2Tesauro de Arte & Arquitectura
_aARTE
650 _2Tesauro de Arte & Arquitectura
_aCOLECCION
_9703
650 _2Tesauro de Arte & Arquitectura
_aPINTURA
_9702
650 _2Tesauro de Arte & Arquitectura
_aÓLEO
700 _aOMBU
_eautor
942 _2ddc
_c1
_h751.426
_iZ94e
_n0
999 _c4431
_d4431